A Guide to ITFC financing.
| Corporate Author: | |
|---|---|
| Format: | Book |
| Published: |
Jeddah, Saudi Arabia:
ITFC,
2012.
|
| Subjects: |
| LEADER | 00468cam a2200145 7i4500 | ||
|---|---|---|---|
| 001 | 0000027683 | ||
| 005 | 20120410090000.0 | ||
| 090 | 0 | 0 | |a I 337.7050 |b INT |
| 110 | 2 | 0 | |a International Islamic Trade Finance Corporation (ITFC) |
| 245 | 2 | 2 | |a A Guide to ITFC financing. |
| 260 | 0 | 0 | |a Jeddah, Saudi Arabia: |b ITFC, |c 2012. |
| 300 | # | # | |a 16 p. |
| 650 | 0 | 0 | |a International trade |
| 650 | 0 | 0 | |a Trade -- |x Islamic countries |
| 999 | |a 0000030152 |b Directories |c International |e Business Information Centre | ||